01906nam a2200421 i 450000100060000000300080000600500170001400600190003100700150005000800410006502000270010603500220013304000310015505000230018608000110020908200170022010000320023724502680026926400490053730000460058633600310063233700330066333800430069650001390073950400290087858800830090759001620099065000380115265000130119065000110120365500270121470000510124170000370129270000580132979700180138785600620140599900170146736039FlNmELB20241216221402.0m o u cr cn|||||||||190610s2015 cu ob 000 0 spa d a9789591640475 (e-book) a(OCoLC)1117371091 aFINmELBbspaerdacFINmELB14aRA777.6bE742 2015 a613.9804a613.04382231 aEscalante Candeaux, Leidys.10aEvaluación de la condición física en adultos mayores practicantes sistemáticos /cautor: MSc. Leidys Escalante Candeaux ; tutores: Dr.C. Hermenegildo José Pila Hernández, Dr.C. Gladys Béquer Díaz, Dr.C. Ángela María Díaz de Villegas Reguera. 1aLa Habana :bEditorial Universitaria,c2015. a1 recurso en línea (vii, 175 páginas) atextobtxt2rdacontent/spa acomputadorabc2rdamedia/spa arecurso en líneabcr2rdacarrier/spa aTesis (Doctor en Ciencias de la Cultura Física)--Universidad de Ciencias de la Cultura Física y el Deporte "Manuel Fajardo", 2015. aContiene bibliografía. aDescripción basada en metadatos suministrados por el editor y otras fuentes. aRecurso electrónico. Santa Fe, Arg.: elibro, 2019. Disponible vía World Wide Web. El acceso puede estar limitado para las bibliotecas afiliadas a elibro. 0aOlder peoplexHealth and hygiene. 4aAnciano. 4aSalud. 4aLibros electrónicos.1 aPila Hernández, Hermenegildo José,etutor.1 aBéquer Díaz, Gladys,etutor.1 aDíaz de Villegas Reguera, Ángela María,etutor.2 aelibro, Corp.40uhttps://elibro.net/ereader/politecnicointernacional/91350 c36039d36039